000 00781nam a2200229 a 4500
001 BRCA_2651
005 20190320203916.0
008 011208s1918----enka---###---#000-0#eng-u
050 4 _aNK4215
_b.Ch3 1918
100 1 _aChaffers, William
_d1811-1892
_97272
245 1 0 _aThe new collector´s hand-book of marks and monograms on pottery & porcelain of the renaissance and modern periods
_cWilliam Chaffers.
250 _aNew. rev. and considerably aum.
_bby Frederick Litchfield.
260 _aLondon
_bReeves & Turner
_c1918
300 _a360 p.
_bil.
_c20 cm.
500 _aCon mas de 500 marcas.
500 _aIncluye índice analítico.
500 _aA100
650 1 4 _aMarcas de cerámica
_97225
700 1 _aLitchfield, Frederick
_97531
902 _aGFM
942 _2lcc
_cB
999 _c2391
_d2391